Owl Creek (Upper Cretaceous) fossils from Crowleys Ridge, Southeastern Missouri.

Bibliographic Details
Main Author: Stephenson, Lloyd William, 1876-1962
Format: Government Document Book
Language:English
Published: Washington : U.S. Govt. Print. Off, 1955.
Series:Professional paper (Geological Survey (U.S.)) ; 274-E.
Shorter contributions to general geology.
Subjects:

MARC

Tag First Indicator Second Indicator Subfields
LEADER 00000cam a2200000I 4500
001 in00002787300
005 20171125064024.0
008 770120s1955 dcuaf b f001 0 eng d
019 |a 20235368 
035 |a (OCoLC)ocm02689407 
035 |a (OCoLC)2689407  |z (OCoLC)20235368 
040 |a CSU  |c CSU  |d IAS  |d OCLCQ  |d OCLCG  |d NRU  |d UtOrBLW 
043 |a n-us-ar  |a n-us-mo 
049 |a TXAM 
050 4 |a QE75  |b .P9 no.274-E 
082 0 4 |a 557.3  |b U58p no. 274-E 
086 0 |a I 19.16:274-E 
100 1 |a Stephenson, Lloyd William,  |d 1876-1962. 
245 1 0 |a Owl Creek (Upper Cretaceous) fossils from Crowleys Ridge, Southeastern Missouri. 
264 1 |a Washington :  |b U.S. Govt. Print. Off,  |c 1955. 
300 |a 97-140 pages :  |b illustrations, plates. ;  |c 29 cm. 
336 |a text  |b txt  |2 rdacontent 
337 |a unmediated  |b n  |2 rdamedia 
338 |a volume  |b nc  |2 rdacarrier 
490 1 |a Geological Survey (U.S.). Professional paper ;  |v 274-E 
504 |a Includes bibliographical references and index. 
650 0 |a Paleontology  |y Cretaceous. 
650 0 |a Paleontology  |z Crowley's Ridge (Ark. and Mo.) 
830 0 |a Professional paper (Geological Survey (U.S.)) ;  |v 274-E. 
830 0 |a Shorter contributions to general geology. 
948 |a cataloged  |b h  |c 2012/12/14  |d c  |e mvaldespin  |f 04:25:15 pm 
994 |a C0  |b TXA 
999 |a MARS 
999 f f |s 0961c9eb-4232-3545-b3dc-b41be90cf9a5  |i 592ac7a0-7a81-3ba4-9ca3-5023d7081b31  |t 0 
952 f f |p normal  |a Texas A&M University  |b College Station  |c Sterling C. Evans Library  |d Evans: US Documents (Annex 5th floor)  |t 0  |e I 19.16:274 A-M  |h Superintendent of Documents classification  |i unmediated -- volume  |m A14832540211 
952 f f |a Texas A&M University  |b College Station  |c Sterling C. Evans Library  |d Evans: US Documents (Annex 5th floor)  |t 0  |e I 19.16:274 A-M  |h Superintendent of Documents classification 
998 f f |a I 19.16:274 A-M  |t 0  |l Evans: US Documents (Annex 5th floor)